000 00447cam a2200193ua 4500
001 8834
008 150216n xxk |||gr||||Z||||||eng
020 _a9781416561477
040 _cMAIN
041 _aeng
082 _a578.012
100 _aDarwin, C.,
_eAuthor.
245 1 _aOrigin of species
_cBy C. Darwin
250 _a1st.
260 _aLondon:
_bSimon,
_c2008.
300 _a590p.
653 _aNatural history of organisms
942 _cBK
999 _c7928
_d7928